000 00744nam a2200241Ia 4500
003 OSt
005 20220923214955.0
006 a|||||r|||| 00| 0
007 ta
008 220922b |||||||| |||| 00| 0 hin d
024 _a174,391
037 _cTextual
040 _aARTS
_cARTS
_bhin
041 _2hin
_ahin
082 _aO152:g, L4
100 _aमदान, इन्द्रनाथ, संपा.
245 0 _aपहचान और परख
246 _aPahachān aur parakha
260 _aदिल्ली
_b लिपि प्रकाशन
_c1974
300 _a224पृ.
_ccm.
942 _hO152:g, L4
_cTEXL
_2CC
999 _c328162
_d328162